[Event "Vysehrad"]
[Site "Prague"]
[Date "1990.??.??"]
[Round "1"]
[White "Freisler, Pavel"]
[Black "Szymczak, Zbigniew"]
[Result "1/2-1/2"]
[WhiteElo "2270"]
[BlackElo "2345"]

1.Nf3 Nf6 2.c4 g6 3.Nc3 Bg7 4.e4 d6 5.d4 O-O 6.Be2 e5 7.dxe5 dxe5 8.Qxd8 Rxd8
9.Bg5 Re8 10.Nd5 Nxd5 11.cxd5 c6 12.Bc4 cxd5 13.Bxd5 Nc6 14.Bxc6 bxc6 15.O-O Be6
16.Rfc1 Reb8 17.b3 a5 18.Rxc6 a4 19.bxa4 Rxa4 20.Nd2 Rxa2 21.Rxa2 Bxa2 22.Ra6 Be6
23.f3  1/2-1/2

[Event "Prague Metro-B"]
[Site "Prague"]
[Date "1990.??.??"]
[Round "4"]
[White "Rasmussen, Lars Bo"]
[Black "Tobyas, Miroslav"]
[Result "1-0"]
[WhiteElo "2240"]
[BlackElo "2310"]

1.d4 Nf6 2.c4 g6 3.Nc3 Bg7 4.e4 d6 5.Nf3 O-O 6.Be2 e5 7.O-O Nbd7 8.Re1 h6
9.Bf1 Nh7 10.dxe5 dxe5 11.b4 c6 12.Nd2 Ng5 13.c5 a5 14.Ba3 axb4 15.Bxb4 Qe7
16.Nb3 Ne6 17.Rc1 b6 18.a4 Rd8 19.Qc2 Ndxc5 20.a5 Qb7 21.Bxc5 bxc5 22.Rb1 Qb4
23.Na2 Qa3 24.Re3 Ba6 25.Bxa6 Rxa6 26.Rc3 Qa4 27.Rc4 Qa3 28.Nc3 Nd4 29.Qd3 Rb8
30.Ra4 c4 31.Qxc4  1-0

[Event "Prague Metro-B"]
[Site "Prague"]
[Date "1990.??.??"]
[Round "6"]
[White "Schlemmermeyer, Wilhelm"]
[Black "Vrbata, Zbynek"]
[Result "1/2-1/2"]
[WhiteElo "2390"]
[BlackElo "2295"]

1.d4 Nf6 2.c4 g6 3.Nc3 Bg7 4.e4 d6 5.Be2 O-O 6.Nf3 e5 7.O-O Na6 8.Re1 Bg4
9.Be3 Nd7 10.d5 f5 11.Ng5 Bxe2 12.Rxe2  1/2-1/2

[Event "Prague T7"]
[Site "Prague"]
[Date "1990.??.??"]
[Round "7"]
[White "Starke, Dieter"]
[Black "Bakalar, Petr"]
[Result "0-1"]
[WhiteElo "2305"]
[BlackElo "2325"]

1.d4 Nf6 2.c4 g6 3.Nc3 Bg7 4.e4 d6 5.Nf3 O-O 6.Be2 e5 7.dxe5 dxe5 8.Qxd8 Rxd8
9.Bg5 c6 10.Nxe5 Re8 11.O-O-O Na6 12.f4 h6 13.Bh4 g5 14.fxg5 hxg5 15.Bg3 Nc5
16.Bd3 Nh5 17.Nf3 Be6 18.Kc2 Nxd3 19.Rxd3 Bxc4 20.Rd7 g4 21.Nd2 Ba6 22.Bh4 Nf6
23.Bxf6 Bxf6 24.h3 gxh3 25.Rxh3 Rad8 26.Rxd8 Rxd8 27.Rh5 Bd3+ 28.Kb3 b6 29.a4 Ba6
30.Nf3 Bf1 31.Rh1 Ba6 32.e5 Bg7 33.Rh5 Rd3 34.Kc2 Kf8 35.Ng5 Rg3 36.Nge4 Bd3+
37.Kd2 Bxe4 38.Nxe4 Rxg2+ 39.Kc3 Re2 40.Nf6 Ke7  0-1

[Event "Prague Mladi op"]
[Site "Prague"]
[Date "1990.??.??"]
[Round "9"]
[White "Gleizerov, Evgeny"]
[Black "Rasik, Vitezslav"]
[Result "1/2-1/2"]
[WhiteElo "2470"]
[BlackElo "2360"]

1.Nf3 Nf6 2.c4 g6 3.Nc3 Bg7 4.e4 O-O 5.d4 d6 6.Be2 e5 7.O-O exd4 8.Nxd4 Re8
9.f3 c6 10.Kh1 Nbd7 11.Bg5 a5 12.b3 Qb6 13.Be3 Nc5 14.Rb1 Bd7 15.Qd2 Rad8
16.Nc2 Bc8 17.a3 Qc7 18.Rfd1 Qe7 19.b4 axb4 20.axb4 Ne6 21.Nd4 Nh5 22.Nxe6 Bxe6
23.Bg5 f6 24.Bh4 Rd7 25.g4 g5 26.Bf2 Nf4 27.Bg3 Nxe2 28.Qxe2 f5 29.exf5 Bxf5
30.Qxe7 Rexe7 31.gxf5 Bxc3 32.Bxd6 Rf7 33.Rbc1 Bb2 34.Rb1 Bc3 35.Bc5 Rxd1+
36.Rxd1 Rxf5 37.Rd8+ Kg7 38.Kg2 Be5 39.Be3 h6  1/2-1/2

[Event "Prestwich"]
[Site "Prestwich"]
[Date "1990.??.??"]
[Round "7"]
[White "Burgess, Graham"]
[Black "Matveeva, Svetlana"]
[Result "1-0"]
[WhiteElo "2335"]
[BlackElo "2360"]

1.d4 g6 2.e4 Bg7 3.c4 d6 4.Nc3 Nf6 5.Nf3 O-O 6.Be2 e5 7.O-O exd4 8.Nxd4 Re8
9.f3 c6 10.Kh1 Nbd7 11.Bg5 h6 12.Bh4 Ne5 13.Nc2 Be6 14.Ne3 g5 15.Bf2 Qe7
16.Qd2 Rad8 17.Rad1 Nh5 18.Nf5 Bxf5 19.exf5 Nf4 20.Rfe1 d5 21.cxd5 Nxd5 22.Nxd5 Rxd5
23.Qc2 Qd7 24.Rxd5 cxd5 25.g4 Nc6 26.Qd2 Be5 27.Bb5 a6 28.Ba4 Qd6 29.h4 f6
30.Bb3 Rd8 31.Rd1 Ne7 32.Qa5 b5 33.Bc5 Qxc5 34.Qxd8+ Kg7 35.Bxd5 Bd6 36.Be4 Be5
37.Rd7 Qc1+ 38.Rd1 Qc5 39.Qd2 gxh4 40.Rc1 Qb6 41.Qd7 Kf8 42.Bd5 Qb8 43.Qe6 Qe8
44.Rc7 Nxd5 45.Rc8 Nc7 46.Rxe8+ Nxe8 47.Qxa6 Nd6 48.Kg2 Ke7 49.b3 Kd7 50.Kh3 Bg3
51.Qa7+ Ke8 52.Qe3+  1-0

[Event "Prestwich"]
[Site "Prestwich"]
[Date "1990.??.??"]
[Round "9"]
[White "Burgess, Graham"]
[Black "Schlosser, Michael"]
[Result "1/2-1/2"]
[WhiteElo "2335"]
[BlackElo "2340"]

1.d4 Nf6 2.c4 g6 3.Nc3 Bg7 4.e4 d6 5.Nf3 O-O 6.Be2 Nbd7 7.O-O e5 8.Re1 c6
9.Bf1 exd4 10.Nxd4 Re8 11.Bf4 Nc5 12.Qc2 Ng4 13.Rad1 Bxd4 14.Rxd4 Qf6 15.Ne2 Nxf2
16.Kxf2 g5 17.Rxd6 Qe7 18.e5 gxf4 19.Nxf4 Qg5 20.g3  1/2-1/2

[Event "Ptuj"]
[Site "Ptuj"]
[Date "1990.??.??"]
[Round "?"]
[White "Jelen, Iztok"]
[Black "Podvrsnik, Marko"]
[Result "1-0"]
[WhiteElo "2405"]
[BlackElo "2310"]

1.d4 Nf6 2.Nf3 g6 3.c4 Bg7 4.Nc3 O-O 5.e4 d6 6.Be2 e5 7.Be3 Ng4 8.Bg5 f6
9.Bc1 f5 10.O-O Nc6 11.d5 Nd4 12.Nxd4 exd4 13.Nb5 c6 14.dxc6 bxc6 15.Nxd4 Qb6
16.Nb3 Be5 17.Bxg4 fxg4 18.Be3 Qb4 19.Bd4 Qxc4 20.Rc1 Qf7 21.Bxe5 dxe5 22.Rxc6 Bb7
23.Rd6 Bxe4 24.Qxg4 Bf5 25.Qg3 Rae8 26.h4 Kh8 27.Re1 Qg7 28.Nc5 Re7 29.b4 e4
30.a3 Rfe8 31.Qe3 Re5 32.Red1 h6 33.b5 Kh7 34.a4 Rc8 35.Nd7 Re6 36.Rxe6 Bxe6
37.Qxa7 Bb3 38.Qb7 Bxd1 39.Nf6+  1-0

[Event "Ptuj"]
[Site "Ptuj"]
[Date "1990.??.??"]
[Round "?"]
[White "Truta, Srecko"]
[Black "Mohr, Georg"]
[Result "1-0"]
[WhiteElo "2255"]
[BlackElo "2450"]

1.d4 Nf6 2.c4 g6 3.Nc3 Bg7 4.e4 d6 5.Be2 O-O 6.Nf3 e5 7.O-O Na6 8.Re1 exd4
9.Nxd4 Nc5 10.Bf1 Re8 11.f3 a5 12.Be3 h5 13.Qd2 Nh7 14.Rad1 h4 15.Ndb5 Re5
16.Bd4 Rh5 17.Bxg7 Kxg7 18.e5 Bd7 19.exd6 c6 20.Nd4 Qb6 21.Kh1 Nf6 22.Nce2 Rhh8
23.Nf4 Rad8 24.b3 Bc8 25.Re7 h3 26.g4 Ne8 27.Qe3 Nxd6 28.Nde6+ Bxe6 29.Nxe6+ Nxe6
30.Qxb6 Nc8 31.Rxd8 Rxd8 32.Qxd8  1-0

[Event "Pula op"]
[Site "Pula"]
[Date "1990.??.??"]
[Round "1"]
[White "Chekhov, Valery A"]
[Black "Strikovic, Aleksa"]
[Result "1-0"]
[WhiteElo "2455"]
[BlackElo "2465"]

1.d4 Nf6 2.c4 g6 3.Nc3 Bg7 4.e4 d6 5.Be2 O-O 6.Nf3 e5 7.O-O Nbd7 8.Be3 Ng4
9.Bg5 f6 10.Bd2 c6 11.d5 Nh6 12.dxc6 bxc6 13.Bxh6 Bxh6 14.Qxd6 Qb6 15.Rab1 Re8
16.b4 Bf8 17.Qd3 a5 18.c5 Qc7 19.a3 Be7 20.Nd5 Qd8 21.Rfd1 axb4 22.axb4 Rb8
23.Nxe7+ Qxe7 24.Qc4+ Kg7 25.Rd6 Bb7 26.Nd2 Nf8 27.Nb3 f5 28.Na5 Ne6 29.Rbd1 Nd4
30.exf5 gxf5 31.Nb3 Nxe2+ 32.Qxe2 Bc8 33.Na5 Qg5 34.Nxc6 Ra8 35.b5 f4 36.R6d5 Bh3
37.f3 Kf8 38.b6 Rac8 39.Na7 Rb8 40.Kh1  1-0

[Event "Pula tt2"]
[Site "Pula"]
[Date "1990.??.??"]
[Round "4"]
[White "Lakic, Nikola"]
[Black "Sale, Srdjan"]
[Result "0-1"]
[WhiteElo "2285"]
[BlackElo "2330"]

1.d4 g6 2.Nf3 Bg7 3.e4 d6 4.c4 Nd7 5.Nc3 e5 6.Be2 Ngf6 7.O-O O-O 8.Re1 c6
9.Bf1 a5 10.Rb1 Re8 11.d5 Nc5 12.b3 Bd7 13.dxc6 Bxc6 14.Nd2 Bh6 15.f3 Nh5
16.g3 Ng7 17.Rb2 Nge6 18.Ndb1 Bxc1 19.Qxc1 f5 20.Nd5 Nd4 21.Rf2 Bxd5 22.cxd5 Rc8
23.Qe3 Rf8 24.Na3 fxe4 25.fxe4 Rxf2 26.Qxf2 Qb6 27.Nc4 Qb4 28.Re3 Rf8 29.Qg2 Nd7
30.Qb2 b5 31.Nd2 Qc5 32.Kg2 Nc2 33.Re2 Ne3+  0-1

[Event "Pula op"]
[Site "Pula"]
[Date "1990.??.??"]
[Round "4"]
[White "Arbakov, Valentin"]
[Black "Bagaturov, Giorgi"]
[Result "1/2-1/2"]
[WhiteElo "2415"]
[BlackElo "2370"]

1.c4 g6 2.d4 Nf6 3.Nc3 Bg7 4.e4 d6 5.Nf3 O-O 6.Be2 e5 7.O-O Na6 8.Rb1 c6
9.a3 exd4 10.Nxd4 Re8 11.Bf3 Nc5 12.Re1 Bg4 13.Bg5 Ne6 14.Nxe6 Bxe6 15.Be2 Qa5
16.Qd2 Nd7 17.Rbc1 Nb6 18.Nd1 Qxd2 19.Bxd2 Na4 20.b4 f5 21.exf5 Bxf5 22.h3 Nb2
23.g4 Be4 24.Bc3 Bd3 25.Nxb2 Bxe2 26.Bxg7 Kxg7 27.Rc3 Re4 28.Kh2 Rae8 29.Kg3 d5
30.cxd5 cxd5 31.Rc7+ R8e7 32.Rxe7+ Rxe7 33.f4 Kf7 34.Kf2 Bb5 35.Rxe7+ Kxe7
36.Ke3 Bf1 37.h4 h5 38.gxh5 gxh5 39.Kd4 Ke6 40.Nd1 Bg2 41.Ne3 Bf3 42.a4 b6
43.a5 bxa5 44.bxa5 Kf6 45.Kc5 Ke6 46.Kd4 Kf6 47.Kd3 Ke6 48.Kc3 Kf6 49.Kd4 Ke6
50.Kc5 Kf6 51.Nxd5+ Kf5 52.Kd4 Bxd5 53.Kxd5 Kxf4 54.Kc6 Ke5 55.Kb7 Kd6 56.Kxa7 Kc7
57.a6 Kc8 58.Kb6 Kb8 59.Kc6 Ka7  1/2-1/2

[Event "Pula op"]
[Site "Pula"]
[Date "1990.??.??"]
[Round "4"]
[White "Giorgadze, Giorgi"]
[Black "Azaric, Slavko"]
[Result "1-0"]
[WhiteElo "2485"]
[BlackElo "2315"]

1.d4 Nf6 2.c4 g6 3.Nc3 Bg7 4.e4 d6 5.Be2 O-O 6.Nf3 e5 7.Be3 h6 8.O-O Ng4
9.Bc1 Nc6 10.d5 Ne7 11.Ne1 f5 12.Bxg4 fxg4 13.Nd3 g5 14.c5 Ng6 15.Be3 Rf4
16.Rc1 Bf8 17.cxd6 Bxd6 18.Bxf4 gxf4 19.Nb5 Nh4 20.Nxd6 cxd6 21.Kh1 Ng6 22.Qa4 g3
23.fxg3 fxg3 24.hxg3 Bg4 25.Nf2 Be2 26.Rfe1 Qg5 27.Nh3 Qh5 28.Qd7  1-0

[Event "Pula op"]
[Site "Pula"]
[Date "1990.??.??"]
[Round "5"]
[White "Miladinovic, Igor"]
[Black "Hanko, Pavel"]
[Result "0-1"]
[WhiteElo "2360"]
[BlackElo "2250"]

1.d4 Nf6 2.Nf3 g6 3.c4 Bg7 4.Nc3 O-O 5.e4 d6 6.Be2 e5 7.O-O Nbd7 8.Be3 c6
9.h3 exd4 10.Nxd4 Re8 11.Nf3 Nxe4 12.Nxe4 Rxe4 13.Qxd6 Qf8 14.Qxf8+ Nxf8
15.Bd3 Re8 16.Rab1 Be6 17.b3 Red8 18.Rfd1 Rxd3 19.Rxd3 Bf5 20.Rbd1 Bxd3 21.Rxd3 Rc8
22.a4 b6 23.b4 Ne6 24.a5 bxa5 25.bxa5 Rc7 26.Rb3 Kf8 27.a6 Ke8 28.Rb7 c5
29.Ng5 Rxb7 30.axb7 Be5 31.Nxe6 fxe6 32.g3 Kd7 33.Bxc5 Bb8 34.Kg2 Kc6 35.Bb4 Kxb7
36.Kf3 h5 37.g4 Bc7 38.Ke4 Kc6 39.f4 hxg4 40.hxg4 a5 41.Bc3 a4 42.f5 exf5+
43.gxf5 gxf5+ 44.Kxf5 Kc5 45.Ke4 Kxc4 46.Bb2 Bd6 47.Ke3 Kb3 48.Ba1 a3  0-1

[Event "Pula op"]
[Site "Pula"]
[Date "1990.??.??"]
[Round "7"]
[White "Strikovic, Aleksa"]
[Black "Giorgadze, Giorgi"]
[Result "1/2-1/2"]
[WhiteElo "2465"]
[BlackElo "2485"]

1.d4 Nf6 2.c4 g6 3.Nc3 Bg7 4.e4 d6 5.Be2 O-O 6.Nf3 e5 7.Be3 Ng4 8.Bg5 f6
9.Bh4 Qe8 10.h3 Nh6 11.dxe5 dxe5 12.Nd5 Rf7 13.c5 Kh8 14.O-O Be6 15.Bc4 Nc6
16.a3 Na5 17.Ba2 c6 18.Qe1 cxd5 19.exd5 Bxd5 20.Bxd5 Rd7 21.Rd1 Nc6 22.g4 Rad8
23.Qe4 f5 24.Qc4 Ne7 25.g5 Nhg8 26.Bf7 Qf8 27.Rxd7 Rxd7 28.Be6 Rd8 29.Bg3 Nc6
30.b4 f4 31.Bh2 Nge7 32.Qe4 Nf5 33.Bd5 Nfe7 34.Be6 Nf5 35.Bd5 Nfe7 36.Bxc6 Nxc6
37.b5 Nd4 38.Nxe5 Kg8 39.Ng4 Qxc5 40.Bxf4 Qxb5 41.Re1 Qc6 42.Kg2 Qxe4+ 43.Rxe4 Nc6
44.Be3 Kf7 45.Rf4+ Ke6 46.Re4+ Kd5 47.Rf4 Rf8 48.Nf6+ Bxf6 49.gxf6 b5 50.Bd2 Ke6
51.Bc3 Kf7 52.Rg4 Rd8 53.Rg5 a6 54.Rc5 Rc8 55.Bd4 Ke6 56.Kg3 Kd6 57.Rc2  1/2-1/2

[Event "Reykjavik op"]
[Site "Reykjavik"]
[Date "1990.??.??"]
[Round "3"]
[White "Tisdall, Jonathan D"]
[Black "Gislason, Gudmundur"]
[Result "1-0"]
[WhiteElo "2480"]
[BlackElo "2225"]

1.d4 Nf6 2.c4 g6 3.Nc3 Bg7 4.e4 d6 5.Be2 O-O 6.Nf3 e5 7.Be3 Nc6 8.d5 Ne7
9.Nd2 h6 10.c5 Nxe4 11.Ndxe4 f5 12.f3 fxe4 13.fxe4 Kh7 14.h4 c6 15.dxc6 Nxc6
16.Qxd6 Qxd6 17.cxd6 Nd4 18.Rc1 Bd7 19.Rf1 Bc6 20.Rxf8 Bxf8 21.Bxd4 exd4
22.Nb5 Bg7 23.Bd3 Be5 24.Rc5 Re8 25.h5 gxh5 26.Nc7 Bg3+ 27.Kd1 Rf8 28.Ne6 Rf2
29.Nxd4 Bf4 30.e5+ Kh8 31.Nxc6 bxc6 32.Be4 Rd2+ 33.Ke1 Rxb2 34.d7 Rb8 35.e6 Bg3+
36.Kd1 Bf4 37.Rxh5 Bc7 38.Rxh6+ Kg7 39.Rg6+ Kf8 40.Rg4 Bd6 41.Bxc6 Ke7 42.Bd5 Kf6
43.Bb3  1-0

[Event "Reykjavik op"]
[Site "Reykjavik"]
[Date "1990.??.??"]
[Round "5"]
[White "Tisdall, Jonathan D"]
[Black "Hansson, Dan"]
[Result "1-0"]
[WhiteElo "2480"]
[BlackElo "2270"]

1.d4 Nf6 2.c4 g6 3.Nc3 Bg7 4.e4 d6 5.Be2 O-O 6.Nf3 e5 7.Be3 h6 8.O-O Nc6
9.d5 Ne7 10.Nd2 c5 11.Rb1 a5 12.a3 Ne8 13.b4 axb4 14.axb4 b6 15.Qb3 f5 16.f3 f4
17.Bf2 g5 18.Ra1 Rxa1 19.Rxa1 Ng6 20.bxc5 bxc5 21.Qb8 Nc7 22.Nb5 Nxb5 23.cxb5 Bd7
24.Qxd8 Rxd8 25.Ra7 Nf8 26.b6 Rb8 27.b7 Bf6 28.Ba6 Bd8 29.Nc4 Bc7 30.Ra8 Ba4
31.Bxc5 Bb5 32.Bxb5 Rxb7 33.Nxd6  1-0

[Event "Reykjavik op"]
[Site "Reykjavik"]
[Date "1990.??.??"]
[Round "5"]
[White "Gausel, Einar"]
[Black "Kristjansson, Olafur"]
[Result "1-0"]
[WhiteElo "2440"]
[BlackElo "2215"]

1.Nf3 Nf6 2.c4 g6 3.Nc3 Bg7 4.d4 O-O 5.e4 d6 6.Be2 e5 7.Be3 c6 8.d5 cxd5
9.cxd5 Ng4 10.Bg5 Qb6 11.O-O h6 12.Bc1 f5 13.Nh4 g5 14.Nxf5 Bxf5 15.Bxg4 Bg6
16.Qe2 Na6 17.Be3 Qd8 18.Rac1 Nc7 19.a4 Qe8 20.f3 h5 21.Bh3 Bf6 22.Nb5 Nxb5
23.Be6+ Kg7 24.axb5 Bd8 25.Qd2 Qxb5 26.Bxg5 Ba5 27.Qf2 Qb3 28.Qg3 Bb6+ 29.Kh1 Kh7
30.Be7 Rfe8 31.Bxd6 Qxb2 32.Qg5 Bd8 33.Qxe5 Qxe5 34.Bxe5 Rf8 35.Bc7 Bg5 36.Rb1 b5
37.Rxb5 Bxe4 38.Rb7 Kh8 39.Be5+ Bf6 40.Bd6  1-0

[Event "Reykjavik op"]
[Site "Reykjavik"]
[Date "1990.??.??"]
[Round "8"]
[White "Halldorsson, B."]
[Black "Brendel, Oliver"]
[Result "0-1"]
[WhiteElo "2215"]
[BlackElo "2360"]

1.d4 Nf6 2.c4 g6 3.Nc3 Bg7 4.e4 O-O 5.Be2 d6 6.Nf3 e5 7.O-O exd4 8.Nxd4 Re8
9.Qc2 Nxe4 10.Nxe4 Bxd4 11.Bg5 f6 12.Rad1 Nc6 13.Bc1 Bf5 14.Bf3 Bc5 15.Rfe1 Nd4
16.Qc3 Nxf3+ 17.gxf3 Bxe4 18.fxe4 a5 19.a3 a4 20.Qd3 Ra6 21.Qd5+ Kg7 22.Kg2 Qc8
23.Bf4 Rb6 24.Qd2 Rb3 25.Bg3 h5 26.f3 h4 27.Bf4 h3+ 28.Kg3 g5 29.Bxg5 Rg8
30.Kh4 Rxf3 31.Bh6+ Kh7 32.Rg1 Bxg1 33.Rxg1  0-1

[Event "Rimavska Sobota"]
[Site "Rimavska Sobota"]
[Date "1990.??.??"]
[Round "9"]
[White "Gross, Stefan"]
[Black "Pedzich, Dominik"]
[Result "1-0"]
[WhiteElo "2420"]
[BlackElo "2405"]

1.Nf3 Nf6 2.c4 g6 3.Nc3 Bg7 4.e4 d6 5.d4 O-O 6.Be2 e5 7.d5 a5 8.Be3 Ng4 9.Bg5 f6
10.Bh4 Na6 11.a3 Qe8 12.Nd2 f5 13.Bxg4 fxg4 14.Bg5 Nc5 15.Qc2 Bd7 16.b3 Rb8
17.O-O Rf7 18.Be3 Na6 19.Rfb1 Qf8 20.b4 Bh6 21.Qd3 Bf4 22.g3 Bxe3 23.Qxe3 Qe7
24.Rb2 Rbf8 25.Rf1 Bc8 26.Na4 Qd7 27.b5 Rf3 28.Nxf3 gxf3 29.Kh1 Qh3 30.Rg1 Nb8
31.b6 Nd7 32.Qg5 Nf6 33.Nc3 h6 34.Qh4 Qd7 35.g4 g5 36.Qxh6 Kf7 37.Qxg5 Rg8
38.Qh4 Rg7 39.g5 Ng4 40.bxc7 Kg6 41.Qxg4 Qxg4 42.Rxg4 Bxg4 43.Rxb7 Bc8 44.Ra7 Kxg5
45.Kg1 Kf4+ 46.Kf1 Rh7 47.Ke1 Rxh2 48.Rxa5 Rh1+ 49.Kd2 Rh2 50.Nd1 Rh7 51.Ra7 Kxe4
52.Nc3+ Kf4 53.Nb5 Rh2 54.Ra8 Rxf2+ 55.Kc3 Bg4 56.Nxd6 Ra2 57.Rf8+ Ke3 58.Kb3 Rh2
59.Nf5+ Kd3 60.c8=Q f2 61.Qa6 Bd1+ 62.Kb4  1-0

[Event "Rotterdam knok"]
[Site "Rotterdam"]
[Date "1990.??.??"]
[Round "1"]
[White "Van der Vliet, Fred"]
[Black "Piket, Jeroen"]
[Result "1/2-1/2"]
[WhiteElo "2330"]
[BlackElo "2495"]

1.d4 Nf6 2.c4 g6 3.Nc3 Bg7 4.e4 d6 5.Be2 O-O 6.Nf3 e5 7.d5 a5 8.Bg5 h6 9.Bh4 Na6
10.Nd2 Qe8 11.a3 Bd7 12.b3 Nh7 13.f3 f5 14.Rb1 Nc5 15.Qc2 h5 16.O-O Bh6 17.Bf2 Qe7
18.b4 axb4 19.axb4 Na4 20.Nxa4 Rxa4 21.c5 Rfa8 22.Nc4 Nf6 23.Na5 Ra3 24.Nxb7 fxe4
25.fxe4 Ra2 26.Qc4 Bg4 27.Bf3 Bxf3 28.gxf3 Nh7 29.Na5 Rd2 30.Nb3 Rxf2 31.Rxf2 Be3
32.Qe2 Bxf2+ 33.Qxf2 Ng5 34.Kh1 Qf6 35.Rf1 Ra3 36.Qb2 Ra4 37.cxd6 cxd6 38.Nd2 Qf4
39.Qb3 Ra8 40.Rd1 Nh3 41.Kg2 Qh4 42.Qe3 Ra2 43.b5 Nf4+ 44.Kh1 Qh3 45.Qf2 Rb2
46.b6 Rxb6 47.Qg3 Rb2 48.Qxh3 Nxh3 49.Kg2 Nf4+ 50.Kf2 Kf7 51.Ke3 Ra2 52.Rb1 Ra3+
53.Kf2 Ra2 54.Ke3 Ra3+ 55.Kf2 Ra2 56.Ke3 Ra3+  1/2-1/2

[Event "Rotterdam knok"]
[Site "Rotterdam"]
[Date "1990.??.??"]
[Round "1"]
[White "Pieterse, Gert"]
[Black "Bosboom, Manuel"]
[Result "0-1"]
[WhiteElo "2405"]
[BlackElo "2425"]

1.d4 Nf6 2.c4 d6 3.Nc3 g6 4.e4 Bg7 5.Nf3 O-O 6.Be2 e5 7.O-O Nbd7 8.Qc2 exd4
9.Nxd4 Re8 10.Be3 c6 11.Rfe1 a6 12.Rad1 Qc7 13.Nb3 b5 14.cxb5 cxb5 15.f3 Bf8
16.Qd2 Bb7 17.Bf1 Rac8 18.Rc1 Qb8 19.Kh1 b4 20.Ne2 Rxc1 21.Rxc1 d5 22.Bf4 Qa8
23.exd5 Bxd5 24.Ned4 Nh5 25.Bh6 Ng7 26.Re1 Rxe1 27.Qxe1 Bd6 28.Qh4 a5 29.Bb5 a4
30.Nc1 Nc5 31.Qf6 Bf8 32.Bc6 Bxc6 33.Nxc6 Qe8 34.Qe5 Qxc6 35.Ne2 Nd3 36.Qd4 Qc2
37.Qe3 Nf5 38.Qd2 Qb1+ 39.Nc1 Bxh6  0-1

[Event "Rotterdam knok"]
[Site "Rotterdam"]
[Date "1990.??.??"]
[Round "1"]
[White "Boersma, Paulus A"]
[Black "Ree, Hans"]
[Result "1/2-1/2"]
[WhiteElo "2395"]
[BlackElo "2455"]

1.Nf3 Nf6 2.c4 g6 3.Nc3 Bg7 4.e4 d6 5.d4 O-O 6.Be2 e5 7.O-O exd4 8.Nxd4 Re8
9.f3 c6 10.Kh1 Nbd7 11.Bg5 Qb6 12.Nb3 a5 13.Qd2 a4 14.Be3 Qc7 15.Nd4 Qa5
16.Rab1 d5 17.cxd5 cxd5 18.Bb5 dxe4 19.fxe4 Nxe4 20.Nxe4 Qxd2 21.Bxd2 Rxe4
22.Nf3 Ne5 23.Ng5 Rd4 24.Bc3 Rd5 25.Be2 Bf5 26.Rbd1 Rxd1 27.Rxd1 a3 28.bxa3 Ng4
29.Be1 h6 30.Nf3 Rxa3 31.Bc4 Ra8 32.Bb3 Rc8 33.Kg1 Ne3 34.Rd6 Kf8 35.Bb4 Kg8
36.Nd4 Bg4 37.h3 Nf5 38.Nxf5 Bxf5 39.g4 Bc2 40.Bd5 Rc7 41.Rd8+ Kh7 42.Bd6 Rc3
43.Bxf7 Bd4+ 44.Kh2 Be4 45.Bg8+ Kg7 46.Bf8+ Kxg8 47.Bxh6+ Kh7 48.Rxd4 Kxh6
49.Rxe4 Rc2+ 50.Kg3 Rxa2 51.Rb4 Ra3+ 52.Kg2 Ra2+ 53.Kg3 Ra3+  1/2-1/2

[Event "Rotterdam knok"]
[Site "Rotterdam"]
[Date "1990.??.??"]
[Round "1"]
[White "Van der Sterren, Paul"]
[Black "Piket, Marcel"]
[Result "1/2-1/2"]
[WhiteElo "2515"]
[BlackElo "2350"]

1.Nf3 Nf6 2.c4 g6 3.Nc3 Bg7 4.e4 d6 5.d4 O-O 6.Be2 e5 7.O-O Na6 8.Re1 Qe8
9.Bf1 Bg4 10.d5 Nb4 11.Be2 a5 12.Be3 Na6 13.Nd2 Bd7 14.b3 h6 15.a3 Nh7 16.Qc2 f5
17.exf5 gxf5 18.f4 Nf6 19.Kh1 Qf7 20.Rf1 Rae8 21.Rae1 exf4 22.Bxf4 Nc5 23.b4 axb4
24.axb4 Nce4 25.Ndxe4 Nxe4 26.Nxe4 Rxe4 27.Bd3 Rxe1 28.Rxe1 Re8 29.Rf1 Qf6
30.h3 Qd4 31.Bxf5 Rf8 32.Bg3 Rxf5 33.Rxf5 Bxf5 34.Qxf5 Qxc4 35.Qe6+ Kh7 36.Qf5+ Kg8
37.Qe6+ Kh7  1/2-1/2

[Event "ARG-ch"]
[Site "San Luis"]
[Date "1990.??.??"]
[Round "2"]
[White "Aparicio, Anibal"]
[Black "Zarnicki, Pablo"]
[Result "1-0"]
[WhiteElo "2295"]
[BlackElo "2390"]

1.d4 Nf6 2.c4 g6 3.Nc3 Bg7 4.e4 d6 5.Nf3 O-O 6.Be2 e5 7.Be3 h6 8.O-O Ng4
9.Bc1 Nc6 10.d5 Ne7 11.h3 Nf6 12.Be3 g5 13.h4 Ng4 14.Bd2 gxh4 15.Nxh4 Nxd5
16.Nxd5 Qxh4 17.Bxg4 Bxg4 18.f3 Bd7 19.Nxc7 Rac8 20.Nd5 Rxc4 21.Qb3 b5 22.Be3 Kh8
23.Bxa7 Rg8 24.Bf2 Qh5 25.Ne7 Rb8 26.Qd3 Be6 27.Qxd6 Re8 28.b3 Rc2 29.Qd3 Rc7
30.Nd5 Rd7 31.Qxb5 f5 32.Rac1 fxe4 33.Nf4 Qf7 34.Nxe6 Rxe6 35.fxe4 Rg6 36.Rc8+ Bf8
37.Bg3  1-0

[Event "ARG-ch"]
[Site "San Luis"]
[Date "1990.??.??"]
[Round "5"]
[White "Rubinetti, Jorge A"]
[Black "Borghi, Humberto"]
[Result "1-0"]
[WhiteElo "2445"]
[BlackElo "2320"]

1.d4 Nf6 2.c4 g6 3.Nc3 Bg7 4.e4 d6 5.Be2 O-O 6.Nf3 Nbd7 7.O-O e5 8.Qc2 c6
9.Rd1 Re8 10.d5 c5 11.a3 Nh5 12.g3 Nf8 13.b4 b6 14.bxc5 bxc5 15.Rb1 f5 16.exf5 e4
17.Nh4 Nf6 18.fxg6 Nxg6 19.Nxg6 hxg6 20.Re1 Bf5 21.Be3 Qe7 22.Rb3 Ng4 23.Reb1 Be5
24.Bxg4 Bxg4 25.Rb7 Qf6 26.Nxe4 Qf5 27.Rc1 Qh5 28.Ng5 Bf5 29.Qd1 Bg4 30.Qd2 Bg7
31.Rcb1 Bh6 32.h4 Bf5 33.Re1 Qg4 34.Qe2 Qxe2 35.Rxe2 Bg7 36.Ne6 Be5 37.Bxc5 Bd3
38.Rxe5 dxe5 39.Bd6 Bf5 40.Rg7+ Kh8 41.Bxe5  1-0

[Event "ARG-ch"]
[Site "San Luis"]
[Date "1990.??.??"]
[Round "7"]
[White "Casafus, Ruben"]
[Black "Borghi, Humberto"]
[Result "1/2-1/2"]
[WhiteElo "2375"]
[BlackElo "2320"]

1.d4 Nf6 2.Nf3 g6 3.c4 Bg7 4.Nc3 O-O 5.e4 d6 6.Be2 Nbd7 7.O-O e5 8.Be3 c6
9.Qc2 Ng4 10.Bg5 f6 11.Bd2 Qe7 12.h3 Nh6 13.Rad1 Nf7 14.Rfe1 Re8 15.Bc1 Nf8
16.b4 Ne6 17.d5 Nf4 18.Bxf4 exf4 19.dxc6 bxc6 20.b5 Bb7 21.bxc6 Bxc6 22.Bf1 Rac8
23.Nd4 Bb7 24.Qc1 Bh6 25.Qa3 a6 26.Nd5 Bxd5 27.cxd5 Ne5 28.Nc6 Nxc6 29.dxc6 Rxc6
30.Bxa6 Rd8 31.Bb5 Rc5 32.Qd3 Kh8 33.Bc4 Qe5 34.Bb3 Qe7 35.Bd5 Bg7 36.Rb1 Qe5
37.Rec1 f5 38.a4 fxe4 39.Bxe4 Qd4 40.Qxd4 Bxd4 41.Rxc5 dxc5  1/2-1/2

[Event "ARG-ch"]
[Site "San Luis"]
[Date "1990.??.??"]
[Round "9"]
[White "Ricardi, Pablo"]
[Black "Borghi, Humberto"]
[Result "1-0"]
[WhiteElo "2380"]
[BlackElo "2320"]

1.d4 Nf6 2.c4 g6 3.Nc3 Bg7 4.e4 d6 5.Nf3 O-O 6.Be2 Nbd7 7.O-O e5 8.Qc2 c6
9.d5 Qe7 10.b4 Ne8 11.Ba3 f5 12.c5 fxe4 13.Nxe4 cxd5 14.Qb3 Nef6 15.cxd6 Qe6
16.Nfg5 Qe8 17.Nc3 Nb6 18.Rae1 Kh8 19.Nb5 Bf5 20.Nc7 Qd7 21.Bb5 Qxd6 22.Nxa8 Nxa8
23.Bd3 Qd7 24.Rxe5 Bxd3 25.Qxd3 Nb6 26.b5 Re8 27.Rxe8+ Qxe8 28.Bb2 Qe7 29.Qe3 Ne4
30.Bxg7+ Kxg7 31.Nxe4 dxe4 32.Re1  1-0

[Event "Sankt Augustin"]
[Site "Sankt Augustin"]
[Date "1990.??.??"]
[Round "2"]
[White "Zlatilov, Ivailo"]
[Black "Paehtz, Thomas Sr"]
[Result "1/2-1/2"]
[WhiteElo "2350"]
[BlackElo "2430"]

1.d4 Nf6 2.Nf3 d6 3.c4 g6 4.Nc3 Bg7 5.e4 O-O 6.Be2 e5 7.O-O Nbd7 8.Be3 c6
9.d5 Ng4 10.Bg5 f6 11.Bh4 Qe7 12.b4 Nh6 13.Nd2  1/2-1/2

[Event "Wch U20"]
[Site "Santiago"]
[Date "1990.??.??"]
[Round "5"]
[White "Grigore, George"]
[Black "Watanabe, Roberto"]
[Result "1-0"]
[WhiteElo "2360"]
[BlackElo "2255"]

1.d4 Nf6 2.Nf3 g6 3.c4 Bg7 4.Nc3 O-O 5.e4 d6 6.Be2 e5 7.Bg5 Qe8 8.d5 h6 9.Bxf6 Bxf6
10.h4 Bg7 11.h5 g5 12.Nd2 f5 13.exf5 e4 14.Ndxe4 Bxf5 15.Ng3 Nd7 16.O-O Bxc3
17.bxc3 Bh7 18.Bd3 Bxd3 19.Qxd3 Nc5 20.Qc2 Rf4 21.Rae1 Qf7 22.Re3 Re8 23.Nf5 Qxh5
24.Rh3 Qe2 25.Nxh6+ Kg7 26.Nf5+ Kg8 27.Qb1 Re5 28.Nxd6 Nd3 29.Rxd3 cxd6 30.Rh3 Rfe4
31.Rh6 Qxc4 32.Rxd6 Rxd5 33.Qxb7 Rxd6 34.Qb8+ Kg7 35.Qxd6 Qxc3 36.Qd7+ Kg6
37.Qxa7 g4 38.g3  1-0

[Event "Wch U20"]
[Site "Santiago"]
[Date "1990.??.??"]
[Round "8"]
[White "Amir, Karim"]
[Black "Hennigan, Michael"]
[Result "1/2-1/2"]
[WhiteElo "2275"]
[BlackElo "2355"]

1.d4 Nf6 2.c4 g6 3.Nc3 Bg7 4.e4 d6 5.Nf3 O-O 6.Be2 e5 7.Be3 h6 8.h3 exd4
9.Nxd4 Re8 10.f3 Nh5 11.g4 Ng3 12.Rg1 Nxe2 13.Qxe2 Nd7 14.O-O-O c6 15.h4 Ne5
16.h5 g5 17.f4 gxf4 18.Bxf4 Qe7 19.g5 Kh8 20.Kb1 Be6 21.Nf5 Bxf5 22.exf5 hxg5
23.Bxg5 Bf6 24.Bc1 Rg8 25.Ne4 Nxc4 26.Qc2 d5 27.Nxf6 Qxf6 28.b3 Rxg1 29.Rxg1 Nd6
30.Bb2 d4 31.Rf1 Nb5 32.Rf3 Rd8 33.a4 Nc7 34.Qe4 Kh7 35.Ka1 c5 36.Qxb7 Qe5
37.Rf1 a5 38.Qc6 Qd6 39.Qf3 Nd5 40.f6 Qe5 41.Qd3+ Kh8 42.Qc4 Qg3 43.Qb5 Nb4
44.Qc4 Rd5 45.Qc1 Rxh5 46.Rh1 Rxh1 47.Qxh1+ Kg8 48.Qa8+ Kh7 49.Qe4+ Kh8 50.Qa8+ Kh7
51.Qe4+ Qg6 52.Qh1+ Kg8 53.Qa8+ Kh7 54.Qh1+ Qh6 55.Qe4+ Qg6 56.Qh1+  1/2-1/2

[Event "Sas van Gent"]
[Site "Sas van Gent"]
[Date "1990.??.??"]
[Round "9"]
[White "Grooten, Herman"]
[Black "Pirisi, Gabor"]
[Result "1-0"]
[WhiteElo "2365"]
[BlackElo "2380"]

1.d4 Nf6 2.Nf3 g6 3.c4 Bg7 4.Nc3 O-O 5.e4 d6 6.Be2 e5 7.Be3 Ng4 8.Bg5 f6
9.Bh4 Nc6 10.d5 Ne7 11.h3 Nh6 12.g4 Kh8 13.Nd2 f5 14.f3 Nf7 15.Bd3 Bh6 16.Qe2 Ng5
17.Bf2 fxg4 18.fxg4 Ng8 19.Bg3 Nf6 20.Qg2 Nf7 21.Bf2 Bf4 22.c5 Ng5 23.Nc4 h5
24.Ne2 Nfh7 25.gxh5 gxh5 26.h4 Nf3+ 27.Qxf3 Bd2+ 28.Nxd2 Bg4  1-0